[Event "GER-chT U20"]
[Site "Magdeburg"]
[Date "2023.12.28"]
[Round "4.5"]
[White "Fidlin, Simon"]
[Black "Boissel, Kasimir"]
[Result "1-0"]
[WhiteElo "2122"]
[BlackElo "1819"]
[PlyCount "75"]
[EventDate "2023.12.26"]
[EventType "team-swiss"]
[EventRounds "7"]
[EventCountry "GER"]
[SourceTitle "CB03_2024"]
[SourceDate "2024.01.17"]
[SourceVersion "1"]
[SourceVersionDate "2024.01.17"]
[SourceQuality "1"]
[WhiteTeam "Karlsruhe SF"]
[BlackTeam "Koenigsjaeger Sued West"]
[WhiteTeamCountry "GER"]
[BlackTeamCountry "GER"]

1. Nf3 d5 2. c4 e6 3. e3 Nf6 4. b3 b6 5. Bb2 Bb7 6. Qc2 Bd6 7. cxd5 Bxd5 8. Nc3 Bb7 9. Nb5 0-0 10. Nxd6 cxd6 11. Be2 Nbd7 12. d3 Rc8 13. Qd2 Nc5 14. 0-0 Qe7 15. Rac1 Rc7 16. b4 Na6 17. Rxc7 Nxc7 18. Rc1 Rc8 19. Nd4 Qd7 20. a3 e5 21. Nf3 Ncd5 22. h3 h6 23. Qd1 Ba6 24. Nd2 Rc6 25. Nc4 Qc7 26. Bf1 Kf8 27. Qd2 Bb5 28. Be2 Kg8 29. Re1 Qc8 30. f4 exf4 31. exf4 Bxc4 32. dxc4 Ne7 33. Bxf6 gxf6 34. Bf3 Rc7 35. Qxd6 Ng6 36. Qxf6 Rxc4 37. Bd5 Rxf4 38. Qxg6+ 1-0

[Event "Oberliga Baden 2223"]
[Site "Germany"]
[Date "2023.02.26"]
[Round "7.6"]
[White "Wirthensohn, Heinz"]
[Black "Fidlin, Simon"]
[Result "0-1"]
[WhiteElo "2291"]
[BlackElo "2058"]
[PlyCount "62"]
[EventDate "2022.09.18"]
[EventType "team-tourn"]
[EventRounds "9"]
[EventCountry "GER"]
[SourceTitle "EXT 2024"]
[Source "ChessBase"]
[SourceDate "2023.10.10"]
[SourceVersion "1"]
[SourceVersionDate "2023.10.10"]
[SourceQuality "1"]
[WhiteTeam "Brombach"]
[BlackTeam "Karlsruhe"]
[WhiteTeamCountry "GER"]
[BlackTeamCountry "GER"]

1. Nf3 Nf6 2. c4 e6 3. b3 d5 4. Bb2 a5 5. e3 Be7 6. Nc3 0-0 7. d4 c6 8. Bd3 Na6 9. 0-0 Nb4 10. Be2 Bd7 11. a3 Na6 12. Bd3 c5 13. Qe2 cxd4 14. exd4 a4 15. cxd5 axb3 16. Bc4 exd5 17. Nxd5 Bd6 18. Ne5 Be6 19. Nxf6+ Qxf6 20. d5 Bf5 21. Bxb3 Nc5 22. Bc4 Rfe8 23. f4 Qh6 24. Qf3 Ne4 25. Rad1 Bc5+ 26. Kh1 Qb6 27. Nd3 Bxa3 28. Ba1 Rac8 29. Ba2 Nc3 30. Rd2 Re3 31. Qf2 Ne4 0-1

[Event "Oberliga Baden 2223"]
[Site "Germany"]
[Date "2022.11.27"]
[Round "4.7"]
[White "Muetsch, Annmarie"]
[Black "Fidlin, Simon"]
[Result "1-0"]
[WhiteElo "2238"]
[BlackElo "2058"]
[PlyCount "111"]
[EventDate "2022.09.18"]
[EventType "team-tourn"]
[EventRounds "9"]
[EventCountry "GER"]
[SourceTitle "EXT 2024"]
[Source "ChessBase"]
[SourceDate "2023.10.10"]
[SourceVersion "1"]
[SourceVersionDate "2023.10.10"]
[SourceQuality "1"]
[WhiteTeam "Viernheim II"]
[BlackTeam "Karlsruhe"]
[WhiteTeamCountry "GER"]
[BlackTeamCountry "GER"]

1. d4 d5 2. Bg5 h6 3. Bh4 c5 4. e3 Nc6 5. dxc5 g5 6. Bg3 Bg7 7. c3 Nf6 8. Nd2 0-0 9. Ngf3 Nh5 10. Bd3 Nxg3 11. hxg3 e5 12. e4 d4 13. cxd4 exd4 14. 0-0 g4 15. Nh4 Qg5 16. Nc4 Qxc5 17. Nf5 Bxf5 18. exf5 h5 19. Re1 Rfe8 20. Qd2 Nb4 21. a3 Nxd3 22. Qxd3 Rac8 23. Nd2 Rxe1+ 24. Rxe1 Qc2 25. Re8+ Kh7 26. Qxc2 Rxc2 27. Ne4 f6 28. Re7 d3 29. Rd7 Rxb2 30. Nxf6+ Kh6 31. Ne4 Rb1+ 32. Kh2 Bf8 33. Rxd3 Rb5 34. f6 Kg6 35. f3 Ra5 36. Rd8 Bxa3 37. Rg8+ Kf7 38. Rg7+ Ke6 39. Rxb7 Bf8 40. Rc7 Ba3 41. Rc6+ Kd7 42. Rc4 Ke6 43. Rc8 Kd7 44. Rg8 Ra4 45. f7 Ke6 46. f8Q Bxf8 47. Rxf8 Ra2 48. f4 a5 49. Ng5+ Ke7 50. Ra8 a4 51. Ra6 Ra1 52. f5 Rf1 53. Ra7+ Kf6 54. Nh7+ Ke5 55. f6 Ke6 56. f7 1-0

[Event "Oberliga Baden 2122"]
[Site "Germany"]
[Date "2022.03.20"]
[Round "9.7"]
[White "Fidlin, Simon"]
[Black "Schrems, Hermann"]
[Result "1-0"]
[WhiteElo "1941"]
[BlackElo "2056"]
[PlyCount "67"]
[EventDate "2021.10.10"]
[EventType "team-tourn"]
[EventRounds "11"]
[EventCountry "GER"]
[SourceTitle "EXT 2023"]
[Source "ChessBase"]
[SourceDate "2022.10.05"]
[SourceVersion "1"]
[SourceVersionDate "2022.10.05"]
[SourceQuality "1"]
[WhiteTeam "Karlsruhe"]
[BlackTeam "Emmendingen"]
[WhiteTeamCountry "GER"]
[BlackTeamCountry "GER"]

1. e4 Nf6 2. e5 Nd5 3. d4 d6 4. Nf3 g6 5. Bc4 c6 6. 0-0 Bg7 7. Re1 dxe5 8. Nxe5 0-0 9. c3 Nd7 10. Nxd7 Bxd7 11. Bg5 Nf6 12. Nd2 Bf5 13. Nf3 Qc7 14. Bh4 Rae8 15. Bg3 Qb6 16. Bb3 c5 17. Bf4 cxd4 18. Nxd4 Bg4 19. Qd3 Nd7 20. Qg3 e5 21. Qxg4 Nf6 22. Qf3 exd4 23. Be5 dxc3 24. Bxc3 h5 25. h3 Rc8 26. Re7 Rc6 27. Rae1 Qb5 28. R1e5 Qb6 29. Rg5 Qd8 30. Rxb7 Rxc3 31. bxc3 Ng4 32. Rxf7 Rxf7 33. Qxf7+ Kh8 34. Qxg6 1-0

[Event "Oberliga Baden 2122"]
[Site "Germany"]
[Date "2021.10.10"]
[Round "1.7"]
[White "Fidlin, Simon"]
[Black "Pfleger, Michael"]
[Result "1/2-1/2"]
[WhiteElo "1941"]
[BlackElo "2190"]
[PlyCount "93"]
[EventDate "2021.10.10"]
[EventType "team-tourn"]
[EventRounds "11"]
[EventCountry "GER"]
[SourceTitle "EXT 2023"]
[Source "ChessBase"]
[SourceDate "2022.10.05"]
[SourceVersion "1"]
[SourceVersionDate "2022.10.05"]
[SourceQuality "1"]
[WhiteTeam "Karlsruhe"]
[BlackTeam "Bad Mergentheim"]
[WhiteTeamCountry "GER"]
[BlackTeamCountry "GER"]

1. e4 g6 2. d4 Bg7 3. Nc3 d5 4. exd5 Nd7 5. g3 Ngf6 6. Bg2 Nb6 7. Nge2 0-0 8. 0-0 Nbxd5 9. Nxd5 Nxd5 10. c4 Nb6 11. b3 c5 12. Be3 cxd4 13. Nxd4 e5 14. Nb5 Qf6 15. Qe2 Bd7 16. Bxb7 Rab8 17. Bg2 a6 18. Nc7 Rbc8 19. c5 Na8 20. Nxa6 h5 21. Rac1 Bg4 22. f3 Be6 23. b4 e4 24. fxe4 Bg4 25. Qc4 Qe5 26. b5 Nb6 27. Qb4 Nd5 28. exd5 Qxe3+ 29. Kh1 Be2 30. Rfe1 Qd3 31. a4 Rce8 32. Qf4 g5 33. Qxg5 Re5 34. Qf4 Rfe8 35. Nb4 Qg6 36. Nc6 Rf5 37. Qd6 Qg5 38. Qd7 Kf8 39. Qxe8+ Kxe8 40. Rxe2+ Kf8 41. Rce1 Bc3 42. Re8+ Kg7 43. Ne7 Re5 44. Rg8+ Kh6 45. Rh8+ Kg7 46. Rg8+ Kh6 47. Rh8+ 1/2-1/2

[Event "GER-chT Christmas U20"]
[Site "Playchess.com INT"]
[Date "2020.12.29"]
[Round "5.1"]
[White "Fidlin, Simon"]
[Black "Gazizov, Max"]
[Result "1-0"]
[WhiteElo "1862"]
[BlackElo "1689"]
[PlyCount "77"]
[EventDate "2020.12.29"]
[EventType "team-swiss (blitz)"]
[EventRounds "7"]
[EventCountry "GER"]
[SourceTitle "CBM 200 Extra"]
[Source "ChessBase"]
[SourceDate "2021.03.31"]
[SourceVersion "1"]
[SourceVersionDate "2021.03.31"]
[SourceQuality "1"]
[WhiteTeam "Karlsruhe II"]
[BlackTeam "Think Rochade"]
[WhiteTeamCountry "GER"]
[BlackTeamCountry "GER"]

1. e4 c5 2. Nf3 e6 3. c4 Nc6 4. Nc3 Be7 5. Be2 h6 6. 0-0 d6 7. d4 cxd4 8. Nxd4 a6 9. Be3 e5 10. Nc2 Nf6 11. f3 0-0 12. Qd2 Kh7 13. Rad1 Nd7 14. Nd5 b5 15. cxb5 axb5 16. Bxb5 Bb7 17. a4 Rc8 18. b4 Re8 19. Qd3 Bf8 20. Kh1 Ne7 21. Bxd7 Qxd7 22. Nb6 Qc7 23. Nxc8 Rxc8 24. Rc1 Qd7 25. b5 d5 26. exd5+ Kg8 27. Nb4 Nf5 28. Nc6 Nxe3 29. Qxe3 Bxc6 30. dxc6 Qc7 31. b6 Qb8 32. a5 Bb4 33. a6 Ba5 34. c7 Qxb6 35. Qxb6 Bxb6 36. Rc6 Ba7 37. Rd1 Kh7 38. Rd8 e4 39. fxe4 1-0

[Event "GER-chT Christmas U20"]
[Site "Playchess.com INT"]
[Date "2020.12.29"]
[Round "7.1"]
[White "Fidlin, Simon"]
[Black "Kamp, Aaron"]
[Result "1-0"]
[WhiteElo "1862"]
[BlackElo "1771"]
[PlyCount "119"]
[EventDate "2020.12.29"]
[EventType "team-swiss (blitz)"]
[EventRounds "7"]
[EventCountry "GER"]
[SourceTitle "CBM 200 Extra"]
[Source "ChessBase"]
[SourceDate "2021.03.31"]
[SourceVersion "1"]
[SourceVersionDate "2021.03.31"]
[SourceQuality "1"]
[WhiteTeam "Karlsruhe II"]
[BlackTeam "Muenster II"]
[WhiteTeamCountry "GER"]
[BlackTeamCountry "GER"]

1. e4 c5 2. Nf3 Nc6 3. d4 cxd4 4. Nxd4 d6 5. Nc3 Nf6 6. Bg5 g6 7. Bxf6 exf6 8. Nd5 Be6 9. Bb5 Rc8 10. 0-0 a6 11. Ba4 Bg7 12. Nf4 Bc4 13. Re1 0-0 14. Bxc6 bxc6 15. b3 Bb5 16. c4 f5 17. Rc1 c5 18. cxb5 cxd4 19. bxa6 fxe4 20. Rxe4 Qa5 21. g3 Qxa6 22. Nd5 Rxc1 23. Qxc1 Qxa2 24. Qd1 Qa8 25. Ne7+ Kh8 26. Re1 Qb7 27. Qd3 Bf6 28. Qe2 Qxe7 29. Qxe7 Bxe7 30. Rxe7 Rb8 31. Rd7 Rb6 32. Kf1 Kg7 33. Ke2 Kf6 34. Kd3 Ke6 35. Rd8 Rb4 36. h4 Kd5 37. Kc2 Rb7 38. Ra8 Rc7+ 39. Kd2 Rc3 40. b4 Rb3 41. Rb8 Rb2+ 42. Ke1 Kc4 43. Rb7 f5 44. Rxh7 Rxb4 45. Rd7 d5 46. Ra7 d3 47. Kd2 Rb2+ 48. Ke1 Kc3 49. Ra3+ Rb3 50. Ra1 d2+ 51. Kd1 Kd3 52. f3 Rc3 53. g4 fxg4 54. fxg4 Rc4 55. Ra3+ Rc3 56. Rxc3+ Kxc3 57. h5 gxh5 58. gxh5 d4 59. h6 Kd3 60. h7 1-0

[Event "GER Pfingstopen U25"]
[Site "Playchess.com INT"]
[Date "2020.06.02"]
[Round "11"]
[White "Plum, Paul"]
[Black "Fidlin, Simon"]
[Result "0-1"]
[WhiteElo "1648"]
[BlackElo "1824"]
[PlyCount "206"]
[EventDate "2020.06.02"]
[EventType "swiss (blitz)"]
[EventRounds "11"]
[EventCountry "GER"]
[SourceTitle "CBM 197 Extra"]
[Source "ChessBase"]
[SourceDate "2020.09.30"]
[SourceVersion "1"]
[SourceVersionDate "2020.09.30"]
[SourceQuality "1"]

1. e4 e5 2. Nf3 Nc6 3. Bc4 Nd4 4. Nxd4 exd4 5. 0-0 Nf6 6. Re1 d6 7. c3 dxc3 8. Nxc3 Be7 9. d4 0-0 10. Be3 a6 11. Qc2 Re8 12. Rad1 b5 13. Bb3 Bb7 14. e5 Nd7 15. e6 fxe6 16. Bxe6+ Kh8 17. d5 Nf8 18. Bf7 Bf6 19. Bxe8 Qxe8 20. Bg5 Qd8 21. Bxf6 Qxf6 22. Re3 Ng6 23. Rde1 Ne5 24. Rh3 g6 25. Qe2 Rf8 26. Ne4 Qf5 27. Ng3 Qf7 28. Rf1 Bxd5 29. Qe3 Bxa2 30. f4 Bc4 31. Rf3 Nxf3+ 32. gxf3 Qxf4 33. Qc3+ Qf6 34. Qe3 c5 35. Qh6 Qg7 36. Qg5 Rxf3 37. Qd8+ Bg8 38. Qxd6 Qd4+ 39. Qxd4+ cxd4 40. Rh4 d3 41. Rd4 Bc4 42. Kg2 Rf7 43. Ne4 Kg7 44. Nd2 Rc7 45. b3 Kf6 46. bxc4 bxc4 47. Nxc4 a5 48. Nxa5 Rc2+ 49. Kf1 d2 50. Ke2 d1Q+ 51. Kxd1 Rxh2 52. Ke1 Ke5 53. Rd7 Ke4 54. Re7+ Kf3 55. Rf7+ Kg3 56. Nc4 g5 57. Ne5 g4 58. Rg7 h5 59. Rg5 Kf4 60. Nf7 h4 61. Rg7 g3 62. Kf1 Ke3 63. Ng5 Rf2+ 64. Kg1 Rf5 65. Nh3 Ke2 66. Re7+ Kf3 67. Rg7 Rf6 68. Ng5+ Kf4 69. Kg2 Ra6 70. Kh3 Ra5 71. Ne6+ Kf3 72. Kxh4 g2 73. Rxg2 Kxg2 74. Nf4+ Kf3 75. Ne6 Re5 76. Ng5+ Kf4 77. Nh3+ Kf5 78. Nf2 Re3 79. Nh3 Re8 80. Kg3 Rg8+ 81. Kf3 Ra8 82. Nf2 Ra3+ 83. Kg2 Kf4 84. Nh3+ Ke4 85. Nf2+ Ke3 86. Ng4+ Kf4 87. Nf6 Rg3+ 88. Kf2 Rg5 89. Nh7 Rf5 90. Kg2 Rf7 91. Ng5 Kxg5 92. Kg3 Ra7 93. Kg2 Ra3 94. Kf2 Kf4 95. Ke1 Ra2 96. Kd1 Ke3 97. Kc1 Rd2 98. Kb1 Kd3 99. Ka1 Kc3 100. Kb1 Rc2 101. Ka1 Kb3 102. Kb1 Rc3 103. Ka1 Rc1# 0-1

[Event "GER Pfingstopen U25"]
[Site "Playchess.com INT"]
[Date "2020.06.02"]
[Round "7"]
[White "Poschadel, Andreas Gregor"]
[Black "Fidlin, Simon"]
[Result "0-1"]
[WhiteElo "1818"]
[BlackElo "1824"]
[PlyCount "66"]
[EventDate "2020.06.02"]
[EventType "swiss (blitz)"]
[EventRounds "11"]
[EventCountry "GER"]
[SourceTitle "CBM 197 Extra"]
[Source "ChessBase"]
[SourceDate "2020.09.30"]
[SourceVersion "1"]
[SourceVersionDate "2020.09.30"]
[SourceQuality "1"]

1. e4 e6 2. b3 d5 3. Bb2 dxe4 4. Nc3 Nf6 5. Qe2 Nc6 6. 0-0-0 Be7 7. Nxe4 0-0 8. Nf3 a5 9. Rg1 Nxe4 10. Qxe4 Bf6 11. d4 a4 12. g4 g6 13. h4 axb3 14. axb3 Qd5 15. Qxd5 exd5 16. Bb5 Nb4 17. c3 Na6 18. g5 Bg7 19. Rde1 c6 20. Bd3 Be6 21. Nh2 Nc7 22. f4 f5 23. Nf3 Bf7 24. Re7 Ne6 25. Rxb7 Nxf4 26. Rd1 Rfe8 27. Rc7 Re3 28. Ne1 Rae8 29. Kd2 Rh3 30. Kc1 Rxh4 31. Nf3 Rh3 32. Ne1 Rh2 33. Bc2 Ree2 0-1

[Event "GER-chT U16"]
[Site "Magdeburg"]
[Date "2019.12.29"]
[Round "5.6"]
[White "Stirnberg, Noah"]
[Black "Fidlin, Simon"]
[Result "1-0"]
[WhiteElo "1877"]
[BlackElo "1907"]
[PlyCount "113"]
[EventDate "2019.12.27"]
[EventType "team-swiss"]
[EventRounds "7"]
[EventCountry "GER"]
[SourceTitle "CBM 194 Extra"]
[Source "ChessBase"]
[SourceDate "2020.03.31"]
[SourceVersion "1"]
[SourceVersionDate "2020.03.31"]
[SourceQuality "1"]
[WhiteTeam "Paderborn Blauer Springer"]
[BlackTeam "Karlsruhe SF"]
[WhiteTeamCountry "GER"]
[BlackTeamCountry "GER"]

1. e4 e6 2. d4 d5 3. Nc3 Bb4 4. e5 c5 5. a3 Bxc3+ 6. bxc3 Qa5 7. Bd2 Qa4 8. Qg4 Kf8 9. Be2 Nc6 10. Nf3 Nge7 11. 0-0 Qxc2 12. Qf4 Qf5 13. Qe3 h6 14. Bd3 Qh5 15. h3 c4 16. Bc2 f5 17. exf6 gxf6 18. Qf4 Qf7 19. Qd6 Ke8 20. Rab1 b6 21. Rfe1 Bd7 22. Re2 Nd8 23. Rbe1 Rc8 24. Qf4 Qg7 25. Nh4 Kf8 26. Qd6 Be8 27. Nf5 Qf7 28. Bxh6+ Rxh6 29. Nxh6 Qg7 30. Nf5 Qf7 31. Qf4 Nxf5 32. Bxf5 Bd7 33. Bc2 b5 34. Re3 Ke7 35. Rg3 Nb7 36. Bg6 Qf8 37. h4 Nd6 38. h5 Be8 39. Rge3 Qg8 40. Rg3 Bxg6 41. Rxg6 Qh8 42. h6 Rg8 43. Qg4 Rxg6 44. Qxg6 Ne4 45. h7 Kf8 46. Qh6+ Kf7 47. Re3 Ng5 48. f4 Nxh7 49. Rh3 Kg8 50. Rg3+ Kf7 51. Qg6+ Kf8 52. Rh3 Qg7 53. Qxh7 Qg4 54. Qh8+ Ke7 55. Rh7+ Kd6 56. Qd8+ Kc6 57. Qc7# 1-0

[Event "GER-chT U20"]
[Site "Osnabrueck"]
[Date "2018.12.28"]
[Round "3.5"]
[White "Fidlin, Simon"]
[Black "Lang, Thomas1111"]
[Result "1/2-1/2"]
[WhiteElo "1893"]
[BlackElo "1757"]
[PlyCount "71"]
[EventDate "2018.12.27"]
[EventType "team-swiss"]
[EventRounds "7"]
[EventCountry "GER"]
[SourceTitle "CBM 188 Extra"]
[Source "ChessBase"]
[SourceDate "2019.02.26"]
[SourceVersion "1"]
[SourceVersionDate "2019.02.26"]
[SourceQuality "1"]
[WhiteTeam "Karlsruhe SF"]
[BlackTeam "Schwaebisch Gmuend"]
[WhiteTeamCountry "GER"]
[BlackTeamCountry "GER"]

1. e4 c5 2. Nf3 d6 3. d4 cxd4 4. Nxd4 Nf6 5. Nc3 g6 6. Be3 Bg7 7. Be2 0-0 8. Qd2 Nc6 9. 0-0-0 Nxd4 10. Bxd4 Be6 11. f3 Qa5 12. Kb1 Kh8 13. Nd5 Qxd2 14. Rxd2 Bxd5 15. exd5 Nd7 16. Re1 a6 17. Bd1 Rfe8 18. c3 Kg8 19. a4 b5 20. Rde2 Ne5 21. Bc2 g5 22. h4 h6 23. hxg5 hxg5 24. Rf2 Nd7 25. Bxg7 Kxg7 26. g3 Nf6 27. axb5 axb5 28. Bb3 Ra7 29. f4 Nh7 30. Rfe2 gxf4 31. gxf4 Kf6 32. Bc2 Nf8 33. Bd3 Rb8 34. Rh1 Ng6 35. Rg2 b4 36. c4 1/2-1/2

[Event "GER-chT U20"]
[Site "Osnabrueck"]
[Date "2018.12.27"]
[Round "1.5"]
[White "Fidlin, Simon"]
[Black "Lorenz, Anouk"]
[Result "1-0"]
[WhiteElo "1893"]
[BlackElo "1413"]
[PlyCount "79"]
[EventDate "2018.12.27"]
[EventType "team-swiss"]
[EventRounds "7"]
[EventCountry "GER"]
[SourceTitle "CBM 188 Extra"]
[Source "ChessBase"]
[SourceDate "2019.02.26"]
[SourceVersion "1"]
[SourceVersionDate "2019.02.26"]
[SourceQuality "1"]
[WhiteTeam "Karlsruhe SF"]
[BlackTeam "Saalfeld"]
[WhiteTeamCountry "GER"]
[BlackTeamCountry "GER"]

1. e4 c5 2. Nf3 Nc6 3. d4 cxd4 4. Nxd4 g6 5. c4 Bg7 6. Be3 Nf6 7. Nc3 0-0 8. Be2 d6 9. f3 Nxd4 10. Bxd4 Be6 11. 0-0 Qc7 12. b3 Nh5 13. Bxg7 Nxg7 14. Rc1 a6 15. Qd2 Rac8 16. Rfe1 Nh5 17. Kh1 Nf6 18. f4 Qc6 19. Bf3 Qc7 20. Qe3 Qc5 21. e5 Qxe3 22. Rxe3 dxe5 23. fxe5 Ng4 24. Re2 b6 25. h3 Nh6 26. Bb7 Rc7 27. Bxa6 Rd8 28. Bb5 Nf5 29. Kh2 Rcc8 30. Ree1 Nd4 31. Rcd1 Nxb5 32. Nxb5 Rxd1 33. Rxd1 Kf8 34. Kg3 Ke8 35. Kf4 Bf5 36. g4 Be6 37. Kg5 Kf8 38. Kh6 Kg8 39. Nc7 Rf8 40. a4 1-0

[Event "GER-chT U12"]
[Site "Verden"]
[Date "2014.12.30"]
[Round "7.2"]
[White "Fidlin, Simon"]
[Black "Sorokin, Michael"]
[Result "1-0"]
[WhiteElo "1334"]
[BlackElo "1129"]
[PlyCount "74"]
[EventDate "2014.12.27"]
[EventType "team-swiss"]
[EventRounds "7"]
[EventCountry "GER"]
[SourceTitle "EXT 2016"]
[Source "ChessBase"]
[SourceDate "2015.10.08"]
[SourceVersion "1"]
[SourceVersionDate "2015.10.08"]
[SourceQuality "1"]
[WhiteTeam "Karlsruhe"]
[BlackTeam "Lendersdorf"]
[WhiteTeamCountry "GER"]
[BlackTeamCountry "GER"]

1. e4 c5 2. Nf3 d6 3. d4 cxd4 4. Nxd4 Nf6 5. Nc3 g6 6. Be3 Bg7 7. Bc4 Nc6 8. f3 0-0 9. Bb3 e6 10. Qd2 a6 11. 0-0-0 d5 12. exd5 exd5 13. Kb1 Be6 14. g4 Qd7 15. h4 Rfd8 16. h5 b5 17. hxg6 fxg6 18. Nxe6 Qxe6 19. Nxd5 Kh8 20. g5 Nh5 21. Qf2 Rab8 22. f4 Qf5 23. Rhf1 a5 24. Nb6 Rxd1+ 25. Rxd1 a4 26. Bd5 Rd8 27. Rd2 Ne7 28. Bg2 Rxd2 29. Qxd2 Qf8 30. a3 Ng3 31. Bd4 Bxd4 32. Qxd4+ Kg8 33. Nd5 Nef5 34. Qe5 Qf7 35. Nf6+ Kf8 36. Bd5 Qa7 37. Qe8+ Kg7 1-0

[Event "GER-chT U12"]
[Site "Verden"]
[Date "2014.12.29"]
[Round "5.2"]
[White "Fidlin, Simon"]
[Black "Stirnberg, Noah"]
[Result "0-1"]
[WhiteElo "1334"]
[BlackElo "1528"]
[PlyCount "114"]
[EventDate "2014.12.27"]
[EventType "team-swiss"]
[EventRounds "7"]
[EventCountry "GER"]
[SourceTitle "EXT 2016"]
[Source "ChessBase"]
[SourceDate "2015.10.08"]
[SourceVersion "1"]
[SourceVersionDate "2015.10.08"]
[SourceQuality "1"]
[WhiteTeam "Karlsruhe"]
[BlackTeam "Paderborn"]
[WhiteTeamCountry "GER"]
[BlackTeamCountry "GER"]

1. e4 c5 2. Nf3 d6 3. d4 cxd4 4. Nxd4 Nf6 5. Nc3 a6 6. Be3 e5 7. Nf3 h6 8. Bc4 Be7 9. 0-0 Qc7 10. Qe2 Bg4 11. Bb3 Nbd7 12. h3 Be6 13. Rad1 b5 14. a3 Nb6 15. Bxb6 Qxb6 16. Nd5 Bxd5 17. Bxd5 Nxd5 18. Rxd5 Rc8 19. Rfd1 Rc7 20. c3 0-0 21. Kf1 Rfc8 22. Nd2 Qa5 23. c4 Qb6 24. cxb5 Rc1 25. Nb3 R8c2 26. Qf3 Rxd1+ 27. Rxd1 Qxb5+ 28. Kg1 Rxb2 29. Nd2 Bg5 30. Qc3 Qe2 31. Qc8+ Bd8 32. Qxd8+ Kh7 33. Rf1 Rxd2 34. Qd7 Qxe4 35. Qxf7 d5 36. Qe6 Rd4 37. Qxa6 Ra4 38. Qd6 d4 39. Qc5 d3 40. Qc3 Qd4 41. Qxd4 Rxd4 42. Rd1 e4 43. Kf1 Kg6 44. Ke1 Kf5 45. Kd2 Ra4 46. Ra1 Kf4 47. Ra2 g5 48. Ra1 h5 49. Ra2 g4 50. hxg4 hxg4 51. Ra1 Rc4 52. Ra2 Ra4 53. Ra1 Ra5 54. a4 Ke5 55. Ke3 Rc5 56. a5 Rc2 57. a6 Re2# 0-1

[Event "GER-chT U12"]
[Site "Verden"]
[Date "2014.12.27"]
[Round "2.2"]
[White "Fidlin, Simon"]
[Black "Kracht, Raphael"]
[Result "0-1"]
[WhiteElo "1334"]
[BlackElo "1636"]
[PlyCount "48"]
[EventDate "2014.12.27"]
[EventType "team-swiss"]
[EventRounds "7"]
[EventCountry "GER"]
[SourceTitle "EXT 2016"]
[Source "ChessBase"]
[SourceDate "2015.10.08"]
[SourceVersion "1"]
[SourceVersionDate "2015.10.08"]
[SourceQuality "1"]
[WhiteTeam "Karlsruhe"]
[BlackTeam "Brackel"]
[WhiteTeamCountry "GER"]
[BlackTeamCountry "GER"]

1. e4 e5 2. Nf3 Nc6 3. Bb5 a6 4. Ba4 Nf6 5. 0-0 b5 6. Bb3 Be7 7. Re1 0-0 8. c3 d5 9. exd5 Nxd5 10. Nxe5 Nxe5 11. Rxe5 c6 12. d4 Bd6 13. Re1 Qh4 14. g3 Qh3 15. Nd2 Bg4 16. Qc2 Rfe8 17. Re4 Bf5 18. Rxe8+ Rxe8 19. Qd1 Bd3 20. c4 Be2 21. Qe1 Nf6 22. cxb5 Bf3 23. Qf1 Re1 24. Bc4 Qg2# 0-1